| 000 | 00686nam a2200241Ia 4500 | ||
|---|---|---|---|
| 001 | 2010 | ||
| 003 | GE_BSU | ||
| 008 | 181216s||||||||xx |||||||||||||| ||und|| | ||
| 020 | _a9785238012193 | ||
| 040 | _cGE_BSU | ||
| 080 | _a347(470)(075.8) | ||
| 245 | _aГражданское право | ||
| 245 | _bУчебн. для студ. вузов | ||
| 245 | _cПод ред.М.М.Рассолова П.В.Алексия | ||
| 250 | _a2-е изд. доп. и перераб | ||
| 260 | _aМосква | ||
| 260 | _bЮнити.Закон и право | ||
| 260 | _c2007 | ||
| 300 | _a847стр. | ||
| 541 | _h25л. | ||
| 653 | _aГражданское право | ||
| 942 | _cBK | ||
| 999 |
_c36110 _d36110 |
||